Music Quiz

Random Music or Album Quiz
Score 0/16 Timer 08:00
3 Plays Today
Question Answer Wrong Answers
Album
Which of these albums holds the record for best selling of all time (at 47 million copies worldwide)?
Thriller
92.2%
Rumours
4%
Bat Out of Hell
1.4%
Back in Black
2.3%
Lyrics
Which of these artists' signature songs includes in its lyrics 'Scaramouche,' 'Bismillah,' and 'Beelzebub?'
Queen
88.4%
The Doors
3.1%
Yes
2.5%
ELO
3.7%
Bands
Which of these images represents a band that had both Peter Gabriel and Phil Collins as lead singers?
Genesis
88.3%
The Police
4.9%
The Black Keys
3.5%
Blondie
2.5%
Kpop
Which of these artists became the first to have a music video reach 1 billion views on YouTube?
Psy
87.5%
BTS
4.1%
Girls' Generation
1.7%
EXO
4.3%
Artist
Which of these R&B artists famously recorded 'What's Going On?'
Marvin Gaye
76.3%
Usher
8.2%
Mary J. Blige
8.1%
Alicia Keys
6.8%
Singers
Which of these singers is also a Nobel Prize winner?
Bob Dylan
68.9%
Bob Marley
13.9%
David Bowie
7.2%
Joni Mitchell
7.3%
Country Music
Which of these country artists holds the distinction as having sold the second most albums in American history (only behind the Beatles)?
Garth Brooks
61.9%
Faith Hill
9.7%
Toby Keith
11.9%
Reba McEntire
14.4%
Clip
Which of these bands wrote a multi-part song that can be separated into clips such as 'Jesus of Suburbia' and 'City of the Damned?'
Green Day
60.4%
Weezer
13.4%
Nirvana
10.8%
Muse
13.4%
The Beatles
Which Beatle wrote and sang 'While My Guitar Gently Weeps?'
George
60.4%
John
17.1%
Paul
13.7%
Ringo
7.8%
Figure Out the Lyrics
Which of these images represents the word missing in these lyrics: 'While the king was looking down, the jester stole his _____ crown?'
Thorny
57.9%
Golden
28.2%
Diamond
5.8%
Shining
6.1%
Classical
Which of these composers is credited with the opera 'The Magic Flute?'
Mozart
53.7%
Beethoven
24.9%
Verdi
9.2%
Tchaikovsky
10.6%
Taylor Swift
Which of these images is from the 'Bad Blood' music video?
Bad Blood
52.3%
Blank Space
21%
Shake It Off
7.5%
Look What You Made Me Do
16.3%
Billboard
Which of these albums has the record for most weeks on the Billboard 200 (at 937)?
Dark Side of the Moon
47.4%
21
30.8%
Hotel California
16%
The Eminem Show
4.6%
Rap
Which of these rappers became the first non-jazz or classical artist to win the Pulitzer Prize for Music for his 2017 album 'Damn.?'
Kendrick Lamar
41.2%
Jay Z
18.6%
Drake
20%
Kanye West
17.7%
Rock
Which of these albums is by a band that also released albums with titles like 'Kill 'Em All' and 'Ride the Lightning?'
Metallica
41%
Led Zeppelin
7.2%
Iron Maiden
25%
Megadeth
24.1%
Song
Which of these female artists was the first to have five #1 songs from the same album?
Katy Perry
20%
Lady Gaga
19.9%
Madonna
48.5%
Janet Jackson
8.8%
Remove Ads.
Support Sporcle.
Get the best of Sporcle when you Go Orange. This ad-free experience offers more features, more stats, and more fun while also helping to support Sporcle. Thank you for becoming a member.

You're not logged in!

Compare scores with friends on all Sporcle quizzes.
OR
Log In

Show Comments

Extras

Top Quizzes Today


Score Distribution

Your Account Isn't Verified!

In order to create a playlist on Sporcle, you need to verify the email address you used during registration. Go to your Sporcle Settings to finish the process.

Report this User

Report this user for behavior that violates our Community Guidelines.

Details: